<?xml version="1.0" encoding="UTF-8"?><marc:collection xmlns:marc="http://www.loc.gov/MARC21/slim">
  <marc:record>
    <marc:leader>00000cam  2200000zi 4500</marc:leader>
    <marc:controlfield tag="001">9.959642</marc:controlfield>
    <marc:controlfield tag="003">CaOODSP</marc:controlfield>
    <marc:controlfield tag="005">20260209100247</marc:controlfield>
    <marc:controlfield tag="006">m     o  d f      </marc:controlfield>
    <marc:controlfield tag="007">cr |n|||||||||</marc:controlfield>
    <marc:controlfield tag="008">260206e198908  once    ob   f000 0 fre d</marc:controlfield>
    <marc:datafield tag="040" ind1=" " ind2=" ">
      <marc:subfield code="a">CaOODSP</marc:subfield>
      <marc:subfield code="b">fre</marc:subfield>
      <marc:subfield code="e">rda</marc:subfield>
      <marc:subfield code="c">CaOODSP</marc:subfield>
    </marc:datafield>
    <marc:datafield tag="041" ind1=" " ind2=" ">
      <marc:subfield code="a">fre</marc:subfield>
      <marc:subfield code="b">eng</marc:subfield>
      <marc:subfield code="b">fre</marc:subfield>
    </marc:datafield>
    <marc:datafield tag="043" ind1=" " ind2=" ">
      <marc:subfield code="a">n-cn---</marc:subfield>
    </marc:datafield>
    <marc:datafield tag="086" ind1="1" ind2=" ">
      <marc:subfield code="a">En49-9/1-3F-PDF</marc:subfield>
    </marc:datafield>
    <marc:datafield tag="245" ind1="0" ind2="0">
      <marc:subfield code="a">Code de recommandations techniques pour la protection de l'environnement applicable aux centrales  thermiques : </marc:subfield>
      <marc:subfield code="b">phase de la construction.</marc:subfield>
    </marc:datafield>
    <marc:datafield tag="264" ind1=" " ind2="1">
      <marc:subfield code="a">[Ottawa] : </marc:subfield>
      <marc:subfield code="b">Environnement Canada, Service de la protection de l'environnement, Direction des programmes industriels,    </marc:subfield>
      <marc:subfield code="c">août 1989.</marc:subfield>
    </marc:datafield>
    <marc:datafield tag="300" ind1=" " ind2=" ">
      <marc:subfield code="a">1 ressource en ligne (viii, 67 pages) : </marc:subfield>
      <marc:subfield code="b">plans.</marc:subfield>
    </marc:datafield>
    <marc:datafield tag="336" ind1=" " ind2=" ">
      <marc:subfield code="a">texte</marc:subfield>
      <marc:subfield code="b">txt</marc:subfield>
      <marc:subfield code="2">rdacontent/fre</marc:subfield>
    </marc:datafield>
    <marc:datafield tag="337" ind1=" " ind2=" ">
      <marc:subfield code="a">informatique</marc:subfield>
      <marc:subfield code="b">c</marc:subfield>
      <marc:subfield code="2">rdamedia/fre</marc:subfield>
    </marc:datafield>
    <marc:datafield tag="338" ind1=" " ind2=" ">
      <marc:subfield code="a">ressource en ligne</marc:subfield>
      <marc:subfield code="b">cr</marc:subfield>
      <marc:subfield code="2">rdacarrier/fre</marc:subfield>
    </marc:datafield>
    <marc:datafield tag="490" ind1="1" ind2=" ">
      <marc:subfield code="a">Série de la protection de l'environnement ; </marc:subfield>
      <marc:subfield code="v">Rapport SPE 1/PG/3</marc:subfield>
    </marc:datafield>
    <marc:datafield tag="500" ind1=" " ind2=" ">
      <marc:subfield code="a">Édition numérisée de l’imprimé [par Environnement et changement climatique Canada].</marc:subfield>
    </marc:datafield>
    <marc:datafield tag="500" ind1=" " ind2=" ">
      <marc:subfield code="a">Publié aussi en anglais sous le titre : Environmental codes of practice for steam electric power generation : construction phase.</marc:subfield>
    </marc:datafield>
    <marc:datafield tag="504" ind1=" " ind2=" ">
      <marc:subfield code="a">Comprend des références bibliographiques (pages 62-64).</marc:subfield>
    </marc:datafield>
    <marc:datafield tag="520" ind1=" " ind2=" ">
      <marc:subfield code="a">« Le Code de recommandations techniques pour la protection de l'environnement applicable aux centrales à vapeur - étape de la construction, fait partie d'une série de documents élaborés pour l'industrie des centrales à vapeurs aux termes de la Loi canadienne sur la protection de l'environnement. Cette industrie comprend les centrales alimentées aux combustibles fossiles (chaudières au gaz, au mazout et au charbon) et les centrales nucléaires (réacteurs à eau lourde CANDU). Ce document traite des problèmes d'environnement liés à la construction de centrales » -- Résumé.</marc:subfield>
    </marc:datafield>
    <marc:datafield tag="546" ind1=" " ind2=" ">
      <marc:subfield code="a">Résumés en français et en anglais.</marc:subfield>
    </marc:datafield>
    <marc:datafield tag="650" ind1=" " ind2="6">
      <marc:subfield code="a">Centrales thermiques</marc:subfield>
      <marc:subfield code="x">Aspect de l'environnement</marc:subfield>
      <marc:subfield code="z">Canada.</marc:subfield>
    </marc:datafield>
    <marc:datafield tag="650" ind1=" " ind2="6">
      <marc:subfield code="a">Centrales électriques</marc:subfield>
      <marc:subfield code="x">Aspect de l'environnement</marc:subfield>
      <marc:subfield code="z">Canada.</marc:subfield>
    </marc:datafield>
    <marc:datafield tag="710" ind1="1" ind2=" ">
      <marc:subfield code="a">Canada.</marc:subfield>
      <marc:subfield code="b">Direction générale de la protection de l'environnement.</marc:subfield>
      <marc:subfield code="b">Direction des programmes industriels, </marc:subfield>
      <marc:subfield code="e">organisme de publication.</marc:subfield>
    </marc:datafield>
    <marc:datafield tag="775" ind1="0" ind2="8">
      <marc:subfield code="t">Environmental codes of practice for steam electric power generation : </marc:subfield>
      <marc:subfield code="w">(CaOODSP)9.911068</marc:subfield>
    </marc:datafield>
    <marc:datafield tag="830" ind1="#" ind2="0">
      <marc:subfield code="a">Série de la protection de l'environnement ;</marc:subfield>
      <marc:subfield code="v">Rapport SPE 1/PG/3.</marc:subfield>
      <marc:subfield code="w">(CaOODSP)9.854306</marc:subfield>
    </marc:datafield>
    <marc:datafield tag="856" ind1="4" ind2="0">
      <marc:subfield code="q">PDF</marc:subfield>
      <marc:subfield code="s">3.57 Mo</marc:subfield>
      <marc:subfield code="u">https://publications.gc.ca/collections/collection_2026/eccc/En49-9-1-3-fra.pdf</marc:subfield>
    </marc:datafield>
  </marc:record>
</marc:collection>
